000 00321nam a2200145Ia 4500
003 OSt
005 20230706135309.0
008 200302s9999 xx 000 0 und d
020 _a9780141035796
100 _aJohn Berger
245 _aWays of seeing
260 _bPenguin Books Ltd.
260 _c1972
300 _a176 P.,
999 _c4182
_d4182